00188nam a22000977a 4500003000400000082000900004100001800013245002400031260002700055300000800082SGT bSUK  aSHUKL, SRILAL aRAG DARWARI (HINDI) aPATNAbRAJKAMAL c2007 a236